Vincent Descombes, Charles Larmore, Dernières nouvelles du Moi, présentation par Jean-Cassien Billier, Paris, PUF, « Quadrige. Essais-Débats », 2009, 186 p. (notice n° 1648801)

détails MARC
000 -LEADER
fixed length control field 01778cam a2200157 4500500
005 - DATE AND TIME OF LATEST TRANSACTION
control field 20260208003742.0
041 ## - LANGUAGE CODE
Language code of text/sound track or separate title fre
042 ## - AUTHENTICATION CODE
Authentication code dc
100 10 - MAIN ENTRY--PERSONAL NAME
Personal name Chauvier, Stéphane
Relator term author
245 00 - TITLE STATEMENT
Title Vincent Descombes, Charles Larmore, Dernières nouvelles du Moi, présentation par Jean-Cassien Billier, Paris, PUF, « Quadrige. Essais-Débats », 2009, 186 p.
260 ## - PUBLICATION, DISTRIBUTION, ETC.
Date of publication, distribution, etc. 2009.<br/>
500 ## - GENERAL NOTE
General note 49
520 ## - SUMMARY, ETC.
Summary, etc. PENSER L’INFINITÉ : THOMAS D’AQUIN ET BONAVENTURE FACE À LA TRADITION DES PÈRES GRECSSi l’autorité de Jean Damascène est invoquée au XIIIe siècle pour justifier la légitimité du concept d’infinité divine contre la dévalorisation aristotélicienne de l’infini, elle pose en réalité problème car le De fide orthodoxa, en lequel se concentre la conception traditionnelle de l’infinité divine, semble interdire toute connaissance humaine de Dieu. L’article étudie certains textes de Thomas d’Aquin et de Bonaventure pour mettre en lumière leurs réticences à l’égard de cette conception de l’infinité. Abstract — Although John Damascene’s authority is called upon in the XIIIth century to justify the legitimacy of the concept of divine infinity against the Aristotelian depreciation of infinity, it poses a real problem because the De fide orthodoxa, which summarizes the traditional conception of divine infinity, seems to forbid any human knowledge of God. The article studies certain texts of Thomas Aquinas and Bonaventure to bring to light their hesitations relating to this conception of infinity.
786 0# - DATA SOURCE ENTRY
Note Les Études philosophiques | 91 | 4 | 2009-12-15 | p. 581a-585a | 0014-2166
856 41 - ELECTRONIC LOCATION AND ACCESS
Uniform Resource Identifier <a href="https://shs.cairn.info/revue-les-etudes-philosophiques-2009-4-page-581a?lang=fr&redirect-ssocas=7080">https://shs.cairn.info/revue-les-etudes-philosophiques-2009-4-page-581a?lang=fr&redirect-ssocas=7080</a>

Pas d'exemplaire disponible.

PLUDOC

PLUDOC est la plateforme unique et centralisée de gestion des bibliothèques physiques et numériques de Guinée administré par le CEDUST. Elle est la plus grande base de données de ressources documentaires pour les Étudiants, Enseignants chercheurs et Chercheurs de Guinée.

Adresse

627 919 101/664 919 101

25 boulevard du commerce
Kaloum, Conakry, Guinée

Réseaux sociaux

Powered by Netsen Group @ 2025